Responses for Show #4961 - Monday, March 20, 2006

Contestants

[<< previous game]

Kate Miller, a human resources assistant from Oxnard, California

Eric Heaton, a software engineer originally from St. Cloud, Minnesota

James Washick, a professor from Greenville, South Carolina (whose 1-day cash winnings total $20,801)

[next game >>]

Jeopardy! Round responses

HOT TRAVEL SPOTS
SNOW BUSINESS LIKE SHOW BUSINESS
FROZEN FOOD
HAIL OF BULLETS
PARTLY CLOUDY, CHANCE OF RAIN
HERE COMES THE "SUN"
    $200 26
Morocco

Eric
    $200 1
(James: What is Groundhog's Day?)

Groundhog Day

JamesEric
    $200 6
Tater Tots

Eric
    $200 21
the O.K. Corral

Kate
    $200 16
Hawaii

James
    $200 11
(Kate: What is sunspots?)

sunstroke

JamesKate
    $400 27
(Alex: SEZ, the designation for the [*].)

airport

Triple Stumper
    $400 2
The Shining

Kate
    $400 7
(Kate: What is Birds Eye?)

Swanson

EricKate
    $400 22
Bonnie & Clyde

James
    $400 17
cumulus

James
    $400 12
Gesundheit

Kate
    $600 28
(Kate: What is Jakarta?)

Bali

Kate
Triple Stumper
    $600 3
It's a Wonderful Life

Kate
    $600 8
(Alex: Kate, you're in first.)
(Kate: What is [*]?)
[Laughter]

Birds Eye

Kate
    $600 23
"Baby Face"

Eric
    $600 18
stratus

James
    $600 13
sunny side up

Kate
    $800 29
the Bahamas

Kate
    $800 4
Fargo

James
    $800 9
(Alex: I thought you were going to say Birds Eye, but you are correct.)

DiGiorno

Kate
    $800 24
Butch Cassidy & the Sundance Kid

Kate
    $800 19
Chile

Triple Stumper
    $1,800 14
asunder

Kate
    $1000 30
Malta

Eric
    $1000 5
Monsters, Inc.

James
    $1000 10
Banquet

James
    $1000 25
Northfield

Kate
    $1000 20
(Eric: What is nimbus?)

cirrus

JamesEric
    $1000 15
sun protection factor

Eric

Scores at the first commercial break (after clue 15):

James Eric Kate
$2,800 $1,800 $4,600

Scores at the end of the Jeopardy! Round:

James Eric Kate
$5,400 $2,600 $6,800

Double Jeopardy! Round responses

THE MIDDLE AGES
WOMEN ATHLETES
NURSERY RHYMES
CITIES WITH HOSPITAL-ITY
(Alex: Name the city where each hospital is located.)
CLOSING THE BOOK
(Alex: We'll give you the last line from a book; you identity it.)
"PP"-POURRI
    $400 27
(Kate: What is a farthing?)
(Eric: What is a franc?)

a pound

EricKate
Triple Stumper
    $400 1
Sasha Cohen

Eric
    $400 15
Georgie Porgie

James
    $400 10
Boston

Kate
    $400 12
Little Women

Kate
    $400 23
a flapper

James
    $800 26
ordeal

Triple Stumper
    $800 2
(Eric: What is pole vault?)
...
(Alex: [*], yes, the 10-meter platform.)

diving

EricKate
    $800 5
Simple Simon

Eric
    $800 11
Atlanta

James
    $800 13
Catch-22

James
    $800 21
Doppler

Kate
    $1200 28
(Alex: It was [*]. They had machine guns.)

the First Crusade

Triple Stumper
    $1200 3
(Kate: What is golf?)
(Alex: Golf. What's the organization?)
(Kate: Uh, gol--uh, [*].)
(Alex: That's it.)

LPGA

Kate
    $1200 7
(James: Who is Ella?)

Polly

James
Triple Stumper
    $1200 18
(Eric: What is Annapolis?)

Bethesda

EricKate
    $1200 14
The Great Gatsby

Eric
    $1200 22
Giuseppe

Eric
    $1600 29
(Eric: Who are the Clarks?)

the Lombards

Eric
Triple Stumper
    $1600 4
(Lindsay) Davenport

James
    $1600 8
cobbler

Kate
    $1600 19
(James: What is Minneapolis?)
(Kate: What is Nashville?)

Memphis

JamesKate
Triple Stumper
    $3,000 16
Of Mice and Men

James
    $1600 24
Chippendale

James
    $1,200 30
(Kate: Who was "The Giant"?)

"Hotspur"

Kate
    $2000 6
gymnastics

Kate
    $2000 9
say his prayers

Triple Stumper
    $2000 20
(Alex: In [*], where JFK was pronounced dead.)

Dallas, Texas

Triple Stumper
    $2000 17
(Kate: What is The Fountainhead?)

Atlas Shrugged

EricKate
    $2000 25
a copperhead

Kate

Scores at the end of the Double Jeopardy! Round:

James Eric Kate
$11,200 $4,200 $12,000

[wagering suggestions for these scores]

Final Jeopardy! Round responses

THE TECHNOLOGY SECTOR
EricWhat is Microsoft?
$4,195
JamesWhat is IBM?
$2,599
KateWhat is Amgen?
$2,500
Microsoft

Final scores:

James Eric Kate
$8,601 $8,395 $9,500
2nd place: $2,000 3rd place: $1,000 New champion: $9,500

Game dynamics:

Coryat scores:

James Eric Kate
$9,800 $4,200 $12,200
16 R
(including 1 DD),
3 W
12 R,
5 W
20 R
(including 1 DD),
7 W
(including 1 DD)

Combined Coryat: $26,200

[game clues] [game scores] [suggest correction]

Game tape date: Unknown
The J! Archive is created by fans, for fans. Scraping, republication, monetization, and malicious use prohibited; this site may use cookies and collect identifying information. See terms. The Jeopardy! game show and all elements thereof, including but not limited to copyright and trademark thereto, are the property of Jeopardy Productions, Inc. and are protected under law. This website is not affiliated with, sponsored by, or operated by Jeopardy Productions, Inc. Join the discussion at JBoard.tv.